000
00296nam a2200121Ia 4500
008
191206s9999 xx 000 0 und d
020
_a
9.78178E+12
090
_a
MLCS01353P
245
0
_a
Writing Lives
260
_c
c2013
300
_a
"ix, 96 pages ; 21 cm"
999
_c
17330
_d
17330